000 00475nam a22001817a 4500
003 MPLRDC
005 20220104144500.0
008 210129b ||||| |||| 00| 0 eng d
020 _a7-5043-4004-9
082 _a735.528 LT
100 _a李挺、梁建增、水均益主编
245 _a伊拉克风云二十年
_c
250 _a一版一刷
260 _a
_b中国广播电视出版社
_c2003
300 _b
650 _a现代伊拉克
942 _cBK
_o735.528 LT
999 _c50042
_d50032